[Event "3MCR_3DW_1L_1S"]
[Site "?"]
[Date "2009.??.??"]
[Round "?"]
[White "Kaas, Jaroslav"]
[Black "Makovsky, Petr"]
[Result "1/2-1/2"]
[WhiteElo "1800"]
[BlackElo "2324"]
[Annotator "027"]
[PlyCount "95"]
[EventDate "2009.??.??"]
[EventType "corr"]
[SourceDate "2002.06.29"]

1. e4 e5 2. Nf3 Nc6 3. Bb5 a6 4. Ba4 Nf6 5. O-O Be7 6. Re1 b5 7. Bb3 d6 8. c3
O-O 9. h3 Nb8 10. d3 Nbd7 11. Nbd2 Bb7 12. Nf1 Nc5 13. Bc2 Re8 14. Ng3 Bf8 15.
Be3 a5 16. a4 Nxa4 17. c4 c6 18. Bxa4 bxa4 19. Qxa4 d5 20. Qb3 Bb4 21. Bd2 dxe4
22. Bxb4 axb4 23. Rxa8 Bxa8 24. dxe4 c5 25. Qe3 Qc7 26. Nh4 Rd8 27. Nhf5 Ne8
28. Ra1 Bb7 29. f3 g6 30. Nh6+ Kh8 31. Ng4 Qe7 32. Ra7 Ra8 33. Rxa8 Bxa8 34.
Ne2 Ng7 35. Nc1 f6 36. Nb3 Ne6 37. Nf2 Bb7 38. Nd3 Ba6 39. Nbxc5 Nxc5 40. Qxc5
Qxc5+ 41. Nxc5 Bxc4 42. h4 Kg7 43. Kf2 Kf8 44. Ke3 Ke7 45. Nd3 b3 46. Kd2 Kd6
47. g3 g5 48. Kc3 1/2-1/2

[Event "3MCR_3DW_1L_1S"]
[Site "?"]
[Date "2009.??.??"]
[Round "?"]
[White "Sochor, Frantisek"]
[Black "Makovsky, Petr"]
[Result "1/2-1/2"]
[WhiteElo "2375"]
[BlackElo "2324"]
[Annotator "028"]
[PlyCount "63"]
[EventDate "2009.??.??"]
[EventType "corr"]
[SourceDate "2002.06.29"]

1. e4 e5 2. Nf3 Nc6 3. Nc3 Nf6 4. Bb5 Nd4 5. Ba4 Bc5 6. Nxe5 O-O 7. Nd3 Bb6 8.
e5 Ne8 9. Nd5 d6 10. Ne3 c6 11. O-O Bc7 12. f4 dxe5 13. Nxe5 b5 14. Bb3 Bb6 15.
c3 Nxb3 16. axb3 c5 17. Qf3 Nc7 18. Nc6 Qd7 19. f5 f6 20. Rd1 Qd3 21. Ne7+ Kf7
22. Re1 Rd8 23. Nxc8 Raxc8 24. Qf1 Qd7 25. Qf3 c4 26. bxc4 bxc4 27. Kh1 Nb5 28.
b3 cxb3 29. Qd1 Bxe3 30. Qxb3+ Qd5 31. Qxd5+ Rxd5 32. Rxe3 1/2-1/2

[Event "3MCR_3DW_1L_2S"]
[Site "?"]
[Date "2009.??.??"]
[Round "?"]
[White "Pirhala, Ladislav"]
[Black "Krouzel, Jaroslav"]
[Result "1/2-1/2"]
[WhiteElo "2190"]
[BlackElo "2277"]
[Annotator "023"]
[PlyCount "66"]
[EventDate "2009.??.??"]
[EventType "corr"]
[SourceDate "2002.06.29"]

1. e4 e6 2. d4 d5 3. Nc3 Bb4 4. e5 c5 5. a3 Bxc3+ 6. bxc3 Ne7 7. Nf3 Nbc6 8.
Be2 Qa5 9. Bd2 Bd7 10. O-O c4 11. Qc1 f6 12. Qb2 Qc7 13. exf6 gxf6 14. a4 O-O-O
15. Rfb1 e5 16. a5 Rhg8 17. Nh4 Bg4 18. f3 Bh3 19. Bf1 Kb8 20. Be1 Nf5 21. Nxf5
Bxf5 22. Bf2 e4 23. g4 exf3 24. Bg3 Ne5 25. gxf5 Rxg3+ 26. hxg3 Nf7 27. Kf2 Nd6
28. Kxf3 Ne4 29. Qxb7+ Qxb7 30. Rxb7+ Kxb7 31. Re1 h5 32. Re3 Rg8 33. Kg2 h4
1/2-1/2

[Event "3MCR_3DW_1L_2S"]
[Site "?"]
[Date "2009.??.??"]
[Round "?"]
[White "Hrdy, Roman"]
[Black "Cipka, Ivan"]
[Result "1/2-1/2"]
[WhiteElo "2264"]
[BlackElo "2194"]
[Annotator "024"]
[PlyCount "44"]
[EventDate "2009.??.??"]
[EventType "corr"]
[SourceDate "2002.06.29"]

1. d4 d5 2. c4 dxc4 3. e4 b5 4. a4 c6 5. axb5 cxb5 6. Nc3 Bd7 7. Nf3 e6 8. Be2
Bb4 9. O-O Nf6 10. Bg5 h6 11. Bxf6 Qxf6 12. Ne5 Bxc3 13. bxc3 Qd8 14. d5 O-O
15. Qd4 a6 16. Rad1 Qc7 17. Bh5 a5 18. Rfe1 a4 19. Re3 Qa7 20. Qd2 Qc7 21. Qd4
Qa7 22. Qd2 Qc7 1/2-1/2

[Event "3MCR_3DW_1L_3S"]
[Site "?"]
[Date "2009.??.??"]
[Round "?"]
[White "Janocko, Petr"]
[Black "Riha, Jan"]
[Result "1/2-1/2"]
[WhiteElo "2193"]
[BlackElo "2275"]
[Annotator "037"]
[PlyCount "46"]
[EventDate "2009.??.??"]
[EventType "corr"]
[SourceDate "2002.06.29"]

1. d4 Nf6 2. c4 e6 3. Nf3 b6 4. g3 Bb7 5. Bg2 Be7 6. O-O O-O 7. Nc3 Ne4 8. Qc2
Nxc3 9. Qxc3 c5 10. Rd1 d6 11. b3 Bf6 12. Bb2 Qe7 13. Qc2 Nc6 14. Rac1 Rfd8 15.
Rd2 Rac8 16. Rcd1 g6 17. dxc5 dxc5 18. Bxf6 Qxf6 19. Rd7 Rxd7 20. Rxd7 Qa1+ 21.
Rd1 Qf6 22. Rd7 Qa1+ 23. Rd1 Qf6 1/2-1/2

[Event "3MCR_3DW_1L_3S"]
[Site "?"]
[Date "2009.??.??"]
[Round "?"]
[White "Portych, Vaclav"]
[Black "Pravec, Ladislav"]
[Result "1/2-1/2"]
[WhiteElo "2219"]
[BlackElo "2338"]
[Annotator "038"]
[PlyCount "49"]
[EventDate "2009.??.??"]
[EventType "corr"]
[SourceDate "2002.06.29"]

1. c4 Nf6 2. Nc3 e5 3. Nf3 Nc6 4. g3 Bb4 5. Nd5 e4 6. Nh4 Bc5 7. Bg2 d6 8. d3
exd3 9. Qxd3 Ne5 10. Qc3 Nxd5 11. cxd5 O-O 12. O-O Re8 13. b4 Bb6 14. Nf3 a5
15. a3 axb4 16. axb4 Rxa1 17. Qxa1 Bd7 18. Nxe5 dxe5 19. Qc3 Bb5 20. Be3 Bxe3
21. Qxe3 e4 22. Rc1 Qxd5 23. Rxc7 Bc6 24. Qf4 g6 25. h4 1/2-1/2

[Event "3MCR_3DW_1L_1S"]
[Site "?"]
[Date "2009.??.??"]
[Round "?"]
[White "Valak, Alois"]
[Black "Kuta, Jiri"]
[Result "1/2-1/2"]
[WhiteElo "2326"]
[BlackElo "2359"]
[Annotator "029"]
[PlyCount "94"]
[EventDate "2009.??.??"]
[EventType "corr"]
[SourceDate "2002.06.29"]

1. e4 e5 2. Nf3 Nc6 3. Bb5 a6 4. Ba4 Nf6 5. O-O Be7 6. Re1 b5 7. Bb3 O-O 8. h3
Bb7 9. d3 Re8 10. Nc3 Bc5 11. Nd5 Na5 12. Bg5 Bxd5 13. Bxd5 c6 14. Bb3 Nxb3 15.
axb3 d6 16. Qd2 h6 17. Bh4 Re6 18. b4 Bb6 19. Ra3 c5 20. Bxf6 Rxf6 21. bxc5 b4
22. Raa1 Bxc5 23. Qe2 a5 24. Ra4 Rg6 25. Rea1 Bb6 26. c3 bxc3 27. bxc3 Qc8 28.
Nh4 Rf6 29. Rc4 Qb7 30. Nf3 Re6 31. Rca4 d5 32. c4 dxc4 33. Rxc4 Rc8 34. Rac1
Rxc4 35. Rxc4 Qd7 36. Qc2 Qb5 37. g3 Rd6 38. Kg2 f6 39. h4 Kh7 40. h5 Qe8 41.
Rc8 Rd8 42. Rc6 Rb8 43. Qc4 Bd8 44. Rc8 Rxc8 45. Qxc8 a4 46. Qa8 Qd7 47. Nh4
Qxd3 1/2-1/2

[Event "3MCR_3DW_1L_2S"]
[Site "?"]
[Date "2009.??.??"]
[Round "?"]
[White "Hrdy, Roman"]
[Black "Pirhala, Ladislav"]
[Result "1-0"]
[WhiteElo "2264"]
[BlackElo "2190"]
[Annotator "025"]
[PlyCount "131"]
[EventDate "2009.??.??"]
[EventType "corr"]
[SourceDate "2002.06.29"]

1. d4 Nf6 2. Bg5 Ne4 3. Bf4 c5 4. f3 Qa5+ 5. c3 Nf6 6. d5 Qb6 7. Bc1 e6 8. c4
exd5 9. cxd5 d6 10. e4 g6 11. Ne2 Bg7 12. Nec3 a6 13. Be2 O-O 14. O-O Nbd7 15.
a4 Re8 16. Na3 Qc7 17. Be3 b6 18. Qd2 Ne5 19. h3 Ned7 20. Bh6 Bb7 21. Bxg7 Kxg7
22. Rae1 Re7 23. Bd3 Rf8 24. f4 Qb8 25. Qf2 Kg8 26. Nc4 Ree8 27. Re3 Ba8 28.
Nd2 Bb7 29. Qe2 Qa8 30. Nc4 Qb8 31. g4 h6 32. Rf2 Re7 33. h4 Ba8 34. g5 Nh5 35.
Nd2 hxg5 36. hxg5 f6 37. Qg4 c4 38. Bxc4 Bb7 39. Rh3 Bc8 40. Qg2 Rg7 41. Rh4
fxg5 42. Qxg5 Qa7 43. Kh1 b5 44. Rg2 Nxf4 45. Rxf4 bxc4 46. Rh2 Rxf4 47. Qxf4
Ne5 48. Qh4 Nf7 49. Nxc4 g5 50. Qg3 Qb8 51. e5 dxe5 52. Ne4 Qb4 53. Nf6+ Kf8
54. Rf2 Rg6 55. Qf3 Rh6+ 56. Kg1 Qxc4 57. Nd7+ Ke7 58. Qxf7+ Kd6 59. Qf8+ Kc7
60. Qxh6 Bxd7 61. a5 Qg4+ 62. Kh2 Qd4 63. Rc2+ Kb7 64. Qb6+ Qxb6 65. axb6 Kxb6
66. Kg3 1-0

[Event "3MCR_3DW_1L_3S"]
[Site "?"]
[Date "2009.??.??"]
[Round "?"]
[White "Riha, Jan"]
[Black "Cakl, Miloslav"]
[Result "1-0"]
[WhiteElo "2275"]
[BlackElo "2041"]
[Annotator "039"]
[PlyCount "93"]
[EventDate "2009.??.??"]
[EventType "corr"]
[SourceDate "2002.06.29"]

1. e4 e5 2. Nf3 Nc6 3. Bb5 a6 4. Ba4 Nf6 5. O-O Nxe4 6. d4 exd4 7. Re1 d5 8.
Bg5 f6 9. Nxd4 Bd7 10. Nc3 Nxd4 11. Nxe4 dxe4 12. Rxe4+ Be7 13. Rxd4 Bd6 14.
Qh5+ Kf8 15. Bxd7 Qxd7 16. Bf4 Re8 17. Rad1 Qc6 18. Bxd6+ cxd6 19. Rxd6 Qxd6
20. Qxe8+ Kxe8 21. Rxd6 Ke7 22. Rb6 Rb8 23. f4 Kd8 24. Kf2 Kc7 25. Rb3 Kd6 26.
Kf3 a5 27. g4 Kc6 28. Re3 Rd8 29. Rc3+ Kb6 30. Rd3 Rc8 31. Rd6+ Kc7 32. Rd4 b5
33. c4 Kb6 34. cxb5 Rc2 35. Rd6+ Kxb5 36. Rd7 Rxh2 37. Rxg7 Kb6 38. Rf7 Rxb2
39. Rxf6+ Kc5 40. Rf5+ Kb6 41. Rh5 Rxa2 42. g5 Ra1 43. f5 Rg1 44. Kf4 a4 45.
Rxh7 a3 46. Rh2 Kb5 47. f6 1-0

[Event "3MCR_3DW_1L_3S"]
[Site "?"]
[Date "2009.??.??"]
[Round "?"]
[White "Cakl, Miloslav"]
[Black "Portych, Vaclav"]
[Result "1/2-1/2"]
[WhiteElo "2041"]
[BlackElo "2219"]
[Annotator "040"]
[PlyCount "62"]
[EventDate "2009.??.??"]
[EventType "corr"]
[SourceDate "2002.06.29"]

1. e4 c5 2. Nf3 Nc6 3. d4 cxd4 4. Nxd4 Nf6 5. Nc3 e5 6. Ndb5 d6 7. Nd5 Nxd5 8.
exd5 Nb8 9. c4 a6 10. Nc3 Be7 11. Be3 O-O 12. Bd3 f5 13. f3 Bg5 14. Bf2 Nd7 15.
O-O Nc5 16. Bc2 Qc7 17. b4 Nd7 18. c5 Kh8 19. Rb1 Be7 20. c6 bxc6 21. dxc6 Qxc6
22. Nd5 Bd8 23. Rc1 Qb7 24. Ne3 Qxb4 25. Bxf5 Bb6 26. Rxc8 Raxc8 27. Bxd7 Rcd8
28. Qa4 Qf4 29. Re1 e4 30. Bc6 d5 31. Qxa6 Bd4 1/2-1/2

[Event "3MCR_3DW_1L_2S"]
[Site "?"]
[Date "2009.??.??"]
[Round "?"]
[White "Krouzel, Jaroslav"]
[Black "Schwarz, Jan"]
[Result "1/2-1/2"]
[WhiteElo "2277"]
[BlackElo "2251"]
[Annotator "026"]
[PlyCount "79"]
[EventDate "2009.??.??"]
[EventType "corr"]
[SourceDate "2002.06.29"]

1. d4 d5 2. c4 c6 3. Nf3 Nf6 4. Nc3 e6 5. e3 Nbd7 6. Qc2 Bd6 7. b3 O-O 8. Be2
b6 9. O-O Bb7 10. Bb2 Qe7 11. e4 dxe4 12. Nxe4 Nxe4 13. Qxe4 f5 14. Qe3 Nf6 15.
Ne5 c5 16. Rad1 Rad8 17. f4 Ne4 18. Bf3 cxd4 19. Bxd4 Bb4 20. Bxe4 Bxe4 21. Nd3
Ba3 22. Nf2 Rd7 23. Be5 Bc5 24. Bd4 Rxd4 25. Rxd4 g5 26. Nxe4 fxe4 27. b4 Bxb4
28. Qxe4 Bc5 29. Kh1 Bxd4 30. Qxd4 Qf6 31. Qxf6 Rxf6 32. g3 e5 33. Rg1 gxf4 34.
gxf4+ Kf7 35. fxe5 Rf5 36. Rg3 Rxe5 37. Ra3 Re7 38. Ra6 Rd7 39. a4 Ke7 40. a5
1/2-1/2

[Event "3MCR_3DW_1L_2S"]
[Site "?"]
[Date "2009.??.??"]
[Round "?"]
[White "Blecha, Miroslav"]
[Black "Pirhala, Ladislav"]
[Result "1/2-1/2"]
[WhiteElo "2298"]
[BlackElo "2190"]
[Annotator "027"]
[PlyCount "61"]
[EventDate "2009.??.??"]
[EventType "corr"]
[SourceDate "2002.06.29"]

1. e4 c5 2. Nf3 d6 3. d4 cxd4 4. Nxd4 Nf6 5. Nc3 a6 6. Be3 e5 7. Nb3 Be7 8. f3
O-O 9. g4 Ne8 10. Qd2 Bh4+ 11. Bf2 Bxf2+ 12. Qxf2 a5 13. Na4 Nc6 14. O-O-O Be6
15. h4 Nc7 16. Qb6 Qe7 17. Kb1 d5 18. g5 Rfd8 19. Be2 d4 20. h5 Rd6 21. c4 Nb4
22. Qc5 d3 23. Bxd3 Nca6 24. Qe3 Rad8 25. Be2 Rxd1+ 26. Rxd1 Rxd1+ 27. Bxd1
Bxc4 28. Qd2 Qc7 29. Nc3 Nc6 30. h6 Qe7 31. hxg7 1/2-1/2

[Event "3MCR_3DW_1L_2S"]
[Site "?"]
[Date "2009.??.??"]
[Round "?"]
[White "Schwarz, Jan"]
[Black "Toman, Antonin"]
[Result "1-0"]
[WhiteElo "2251"]
[BlackElo "2204"]
[Annotator "028"]
[PlyCount "45"]
[EventDate "2009.??.??"]
[EventType "corr"]
[SourceDate "2002.06.29"]

1. d4 d5 2. c4 e6 3. Nf3 Nf6 4. g3 dxc4 5. Bg2 a6 6. O-O Nc6 7. e3 Bd7 8. Qe2
b5 9. Nc3 Bd6 10. e4 e5 11. dxe5 Nxe5 12. Nxe5 Bxe5 13. f4 Bxc3 14. bxc3 c6 15.
f5 O-O 16. g4 h6 17. g5 hxg5 18. Bxg5 Qb6+ 19. Rf2 Nh7 20. Be3 Qd8 21. Bf3 Qa5
22. Rg2 f6 23. Kh1 1-0

[Event "3MCR_3DW_1L_2S"]
[Site "?"]
[Date "2009.??.??"]
[Round "?"]
[White "Krouzel, Jaroslav"]
[Black "Zahour, Jiri"]
[Result "1/2-1/2"]
[WhiteElo "2277"]
[BlackElo "2321"]
[Annotator "029"]
[PlyCount "81"]
[EventDate "2009.??.??"]
[EventType "corr"]
[SourceDate "2002.06.29"]

1. d4 d5 2. c4 c6 3. Nf3 Nf6 4. Nc3 e6 5. e3 Nbd7 6. Qc2 Bd6 7. b3 O-O 8. Be2
b6 9. O-O Bb7 10. Bb2 Qe7 11. e4 Nxe4 12. Nxe4 dxe4 13. Qxe4 Rad8 14. Rad1 f5
15. Qe3 c5 16. Qg5 Nf6 17. Ne5 Qc7 18. Qe3 Ne4 19. f4 g5 20. Bf3 Qg7 21. Qe2
gxf4 22. Nc6 Bxc6 23. d5 Be5 24. Bxe5 Qxe5 25. dxc6 Kh8 26. Rfe1 Rd4 27. Kf1
Rfd8 28. Rxd4 Rxd4 29. Qf2 Qd6 30. Qh4 e5 31. Qh5 Nd2+ 32. Kg1 Nxf3+ 33. Qxf3
Rd2 34. Qc3 Rd4 35. Qf3 Kg8 36. Qh5 Qxc6 37. Rxe5 Qg6 38. Qf3 Qf6 39. Qa8+ Rd8
40. Re8+ Rxe8 41. Qxe8+ 1/2-1/2

[Event "3MCR_3DW_1L_3S"]
[Site "?"]
[Date "2009.??.??"]
[Round "?"]
[White "Tunega, Frantisek"]
[Black "Schoupal, Patrik"]
[Result "1/2-1/2"]
[WhiteElo "2003"]
[BlackElo "2000"]
[Annotator "041"]
[PlyCount "77"]
[EventDate "2009.??.??"]
[EventType "corr"]
[SourceDate "2002.06.29"]

1. e4 e5 2. Nf3 Nc6 3. Bb5 Nf6 4. O-O Nxe4 5. d4 Nd6 6. Bxc6 dxc6 7. dxe5 Nf5
8. Qxd8+ Kxd8 9. Nc3 Ke8 10. h3 Be7 11. Bg5 Bxg5 12. Nxg5 h6 13. Nf3 h5 14. Ne2
Ke7 15. Nf4 g6 16. Rfd1 Ng7 17. Rd2 Rd8 18. Rxd8 Kxd8 19. Rd1+ Ke7 20. a3 a5
21. Kh2 a4 22. Rd4 Ra5 23. Rb4 b6 24. Rc4 Ne6 25. Kg3 c5 26. Nd5+ Kd8 27. Nc3
b5 28. Re4 Bb7 29. Re2 Ke7 30. Rd2 b4 31. Nd1 bxa3 32. bxa3 c4 33. Ne3 Be4 34.
c3 h4+ 35. Kxh4 Bxf3 36. gxf3 Rxe5 37. Rd5 Rxd5 38. Nxd5+ Kd6 39. Ne3 1/2-1/2

[Event "3MCR_3DW_1L_3S"]
[Site "?"]
[Date "2009.??.??"]
[Round "?"]
[White "Alexa, Jaroslav"]
[Black "Tunega, Frantisek"]
[Result "1-0"]
[WhiteElo "2325"]
[BlackElo "2003"]
[Annotator "042"]
[PlyCount "63"]
[EventDate "2009.??.??"]
[EventType "corr"]
[SourceDate "2002.06.29"]

1. d4 Nf6 2. c4 d6 3. Nc3 g6 4. e4 Bg7 5. f3 O-O 6. Be3 e5 7. d5 c6 8. Bd3 cxd5
9. cxd5 Nh5 10. Nge2 f5 11. exf5 gxf5 12. O-O Nd7 13. Rc1 Nc5 14. Bb1 a5 15. f4
e4 16. Nd4 Nf6 17. h3 Bd7 18. g4 fxg4 19. f5 h5 20. Ne6 Qe7 21. Bg5 gxh3 22.
Nxe4 Ncxe4 23. Bxe4 Rac8 24. Kh1 Rxc1 25. Qxc1 Qf7 26. Qf4 Rc8 27. Bf3 h2 28.
Rf2 Nxd5 29. Qxd6 Nf6 30. Nxg7 Ng4 31. Bxg4 hxg4 32. f6 1-0

[Event "3MCR_3DW_1L_1S"]
[Site "?"]
[Date "2009.??.??"]
[Round "?"]
[White "Sochor, Frantisek"]
[Black "Valak, Alois"]
[Result "1/2-1/2"]
[WhiteElo "2375"]
[BlackElo "2326"]
[Annotator "030"]
[PlyCount "63"]
[EventDate "2009.??.??"]
[EventType "corr"]
[SourceDate "2002.06.29"]

1. e4 e5 2. Nf3 Nc6 3. Nc3 Nf6 4. Bb5 Bd6 5. O-O O-O 6. d3 a6 7. Bc4 b5 8. Bb3
Bb7 9. Bg5 h6 10. Bh4 Be7 11. Bg3 d6 12. Nd5 Nxd5 13. Bxd5 Qc8 14. Re1 Re8 15.
c3 Bf6 16. h3 Ne7 17. Bxb7 Qxb7 18. d4 Ng6 19. d5 a5 20. Qe2 Rab8 21. Rad1 c5
22. dxc6 Qxc6 23. Rd5 Be7 24. Red1 Rec8 25. R1d3 h5 26. Nd2 b4 27. Rxa5 Ra8 28.
Rxa8 Rxa8 29. Qxh5 Rxa2 30. Qd1 Rxb2 31. cxb4 Rxb4 32. Kh2 1/2-1/2

[Event "3MCR_3DW_1L_1S"]
[Site "?"]
[Date "2009.??.??"]
[Round "?"]
[White "Valak, Alois"]
[Black "Nepustil, Frantisek"]
[Result "1/2-1/2"]
[WhiteElo "2326"]
[BlackElo "2322"]
[Annotator "031"]
[PlyCount "77"]
[EventDate "2009.??.??"]
[EventType "corr"]
[SourceDate "2002.06.29"]

1. e4 c5 2. Nf3 Nc6 3. d4 cxd4 4. Nxd4 Nf6 5. Nc3 e5 6. Ndb5 d6 7. Bg5 a6 8.
Na3 b5 9. Bxf6 gxf6 10. Nd5 f5 11. Bd3 Be6 12. O-O Bxd5 13. exd5 Ne7 14. Nxb5
Bg7 15. Nc3 e4 16. Bc4 Ng6 17. Qh5 Qc8 18. Bb3 O-O 19. Rae1 Re8 20. Na4 Bd4 21.
Kh1 f4 22. Qd1 Ba7 23. Nc3 f5 24. f3 e3 25. Ne2 Rb8 26. Ba4 Re7 27. b3 Rg7 28.
Rg1 Kh8 29. Ref1 a5 30. Bc6 Qd8 31. Qa1 Bc5 32. Qc3 Rc8 33. g3 Bb4 34. Qa1 fxg3
35. Rxg3 Qe7 36. Rfg1 Rcg8 37. f4 Be1 38. Rxe1 Qe4+ 39. Kg1 1/2-1/2

[Event "3MCR_3DW_1L_3S"]
[Site "?"]
[Date "2009.??.??"]
[Round "?"]
[White "Tomisek, Petr"]
[Black "Janocko, Petr"]
[Result "1/2-1/2"]
[WhiteElo "2166"]
[BlackElo "2193"]
[Annotator "043"]
[PlyCount "40"]
[EventDate "2009.??.??"]
[EventType "corr"]
[SourceDate "2002.06.29"]

1. e4 e5 2. Bc4 Nf6 3. Nc3 Nc6 4. d3 Na5 5. Nge2 c6 6. a4 Nxc4 7. dxc4 Bc5 8.
O-O d6 9. Qd3 Be6 10. b3 O-O 11. h3 a5 12. Be3 Nd7 13. Rad1 Bb4 14. Ng3 Qf6 15.
Nce2 Rfd8 16. Bd2 Bc5 17. Be3 Bb4 18. Bd2 Bc5 19. Be3 Bb4 20. Bd2 Bc5 1/2-1/2

[Event "3MCR_3DW_1L_2S"]
[Site "?"]
[Date "2009.??.??"]
[Round "?"]
[White "Kuchta, Jiri"]
[Black "Cipka, Ivan"]
[Result "1/2-1/2"]
[WhiteElo "2162"]
[BlackElo "2194"]
[Annotator "030"]
[PlyCount "42"]
[EventDate "2009.??.??"]
[EventType "corr"]
[SourceDate "2002.06.29"]

1. e4 e5 2. Nf3 Nf6 3. Nc3 Nc6 4. d4 exd4 5. Nxd4 Bb4 6. Nxc6 bxc6 7. Bd3 d5 8.
exd5 cxd5 9. O-O O-O 10. Bg5 c6 11. Qf3 Bd6 12. Rae1 Rb8 13. Nd1 Be6 14. b3 h6
15. Bxf6 Qxf6 16. Qxf6 gxf6 17. Ne3 Bb4 18. Rd1 Rfe8 19. Nf5 Bxf5 20. Bxf5 Re5
21. g4 Kg7 1/2-1/2

[Event "3MCR_3DW_1L_2S"]
[Site "?"]
[Date "2009.??.??"]
[Round "?"]
[White "Mezera, Lukas"]
[Black "Postl, Rostislav"]
[Result "1/2-1/2"]
[WhiteElo "2213"]
[BlackElo "2297"]
[Annotator "031"]
[PlyCount "63"]
[EventDate "2009.??.??"]
[EventType "corr"]
[SourceDate "2002.06.29"]

1. d4 d5 2. Nf3 Nf6 3. c4 e6 4. Nc3 Be7 5. Bf4 O-O 6. e3 c6 7. Qc2 Nbd7 8. h3
Re8 9. Bd3 h6 10. O-O dxc4 11. Bxc4 b5 12. Bd3 Bb7 13. Rfd1 b4 14. Ne4 Nxe4 15.
Bxe4 Qb6 16. Ne5 Nxe5 17. Bxe5 Rec8 18. Qc4 a5 19. Rac1 c5 20. Bxb7 Qxb7 21. d5
exd5 22. Rxd5 Rd8 23. e4 a4 24. Rcd1 Qb6 25. Qd3 a3 26. b3 Rxd5 27. exd5 Bd6
28. Bxd6 Qxd6 29. Qe4 Ra7 30. Qe8+ Kh7 31. g3 Re7 32. Qb5 1/2-1/2

[Event "3MCR_3DW_1L_2S"]
[Site "?"]
[Date "2009.??.??"]
[Round "?"]
[White "Vozda, Jindrich"]
[Black "Zahour, Jiri"]
[Result "1-0"]
[WhiteElo "2444"]
[BlackElo "2321"]
[Annotator "032"]
[PlyCount "105"]
[EventDate "2009.??.??"]
[EventType "corr"]
[SourceDate "2002.06.29"]

1. e4 c5 2. Nf3 d6 3. d4 cxd4 4. Nxd4 Nf6 5. Nc3 a6 6. Be3 e5 7. Nb3 Be6 8. f4
exf4 9. Bxf4 Nc6 10. Nd4 Qa5 11. Nxe6 fxe6 12. Bd3 Ne5 13. Qd2 Be7 14. O-O-O
O-O 15. Kb1 b5 16. a3 Rab8 17. Bxe5 dxe5 18. Nd5 Qxd2 19. Nxe7+ Kf7 20. Rxd2
Kxe7 21. h3 Nd7 22. c3 Nc5 23. b4 Nxd3 24. Rxd3 Rf4 25. Re1 Rf2 26. Red1 Rc8
27. Rd7+ Kf6 28. Ra7 Rxg2 29. Rdd7 Rf8 30. Rxa6 h5 31. a4 bxa4 32. Rxa4 Rh2 33.
b5 Rb8 34. c4 Rxh3 35. Raa7 g6 36. Rf7+ Kg5 37. Rab7 Rd8 38. Rbd7 Ra8 39. Ra7
Rh8 40. Kc2 Re3 41. b6 Rxe4 42. Rac7 Rd8 43. Rc5 Re2+ 44. Kc3 Kg4 45. b7 Re3+
46. Kb4 Re1 47. Rb5 e4 48. Rg7 h4 49. Rxg6+ Kf4 50. Rh6 Rb8 51. Kc5 Kg4 52. Kb6
e3 53. c5 1-0

[Event "3MCR_3DW_1L_3S"]
[Site "?"]
[Date "2009.??.??"]
[Round "?"]
[White "Pravec, Ladislav"]
[Black "Riha, Jan"]
[Result "1/2-1/2"]
[WhiteElo "2338"]
[BlackElo "2275"]
[Annotator "044"]
[PlyCount "62"]
[EventDate "2009.??.??"]
[EventType "corr"]
[SourceDate "2002.06.29"]

1. d4 Nf6 2. c4 e6 3. Nf3 b6 4. g3 Bb7 5. Bg2 Be7 6. O-O O-O 7. b3 d5 8. cxd5
exd5 9. Nc3 Nbd7 10. Bb2 Re8 11. Ne5 Bd6 12. f4 Ne4 13. Nxe4 dxe4 14. Qc2 Nf6
15. Rac1 c5 16. e3 Rc8 17. Qe2 Qe7 18. Rfd1 cxd4 19. Bxd4 Ba3 20. Rc2 Qe6 21.
Rxc8 Rxc8 22. Nc4 Be7 23. Qf1 h5 24. Bxf6 Qxf6 25. Qe2 Bc5 26. Ne5 Rd8 27.
Rxd8+ Qxd8 28. b4 Bd6 29. Qxh5 Bxe5 30. Qxe5 Qd1+ 31. Bf1 Qe1 1/2-1/2

[Event "3MCR_3DW_1L_3S"]
[Site "?"]
[Date "2009.??.??"]
[Round "?"]
[White "Janocko, Petr"]
[Black "Alexa, Jaroslav"]
[Result "1/2-1/2"]
[WhiteElo "2193"]
[BlackElo "2325"]
[Annotator "045"]
[PlyCount "45"]
[EventDate "2009.??.??"]
[EventType "corr"]
[SourceDate "2002.06.29"]

1. d4 Nf6 2. c4 e6 3. Nf3 b6 4. g3 Ba6 5. b3 Bb4+ 6. Bd2 Be7 7. Bg2 c6 8. Bc3
d5 9. Nbd2 Nbd7 10. Qc2 O-O 11. O-O c5 12. Rfd1 Rc8 13. dxc5 Bxc5 14. Qb2 dxc4
15. Nxc4 Bxc4 16. bxc4 Ne4 17. e3 Nxc3 18. Qxc3 Qc7 19. Nd4 Bxd4 20. Rxd4 Nf6
21. Rc1 e5 22. Rd3 Qe7 23. Rcd1 1/2-1/2

[Event "3MCR_3DW_1L_3S"]
[Site "?"]
[Date "2009.??.??"]
[Round "?"]
[White "Glaser, Karel"]
[Black "Bares, Jiri"]
[Result "1/2-1/2"]
[WhiteElo "2202"]
[BlackElo "2234"]
[Annotator "046"]
[PlyCount "88"]
[EventDate "2009.??.??"]
[EventType "corr"]
[SourceDate "2002.06.29"]

1. e4 c5 2. Nf3 d6 3. d4 cxd4 4. Nxd4 Nf6 5. Nc3 a6 6. Be3 e5 7. Nb3 Be6 8. Be2
Be7 9. O-O O-O 10. Nd5 Nbd7 11. f3 Nxd5 12. exd5 Bf5 13. Qd2 Qc7 14. c4 Bg6 15.
Na5 f5 16. b4 f4 17. Bf2 Nf6 18. Bd3 e4 19. fxe4 Nxe4 20. Bxe4 Bxe4 21. Rae1
Bg6 22. c5 dxc5 23. Rxe7 Qxe7 24. Bxc5 Qf7 25. Bxf8 Rxf8 26. d6 Be4 27. d7 Rd8
28. Qxf4 Qxf4 29. Rxf4 Bd5 30. Rd4 Rxd7 31. a3 b5 32. Nb3 Kf7 33. Nc5 Rd6 34.
Nxa6 Rxa6 35. Rxd5 Rxa3 36. Rxb5 Rb3 37. Rb7+ Kf6 38. b5 h5 39. b6 Rb2 40. Rb8
h4 41. b7 Kg5 42. Kf1 Kg6 43. h3 Kg5 44. Ke1 Kg6 1/2-1/2

[Event "3MCR_3DW_1L_3S"]
[Site "?"]
[Date "2009.??.27"]
[Round "?"]
[White "Bares, Jiri"]
[Black "Riha, Jan"]
[Result "1/2-1/2"]
[WhiteElo "2234"]
[BlackElo "2275"]
[Annotator "047"]
[PlyCount "52"]
[EventDate "2009.??.??"]
[EventType "corr"]
[SourceDate "2002.06.29"]

1. d4 Nf6 2. c4 e6 3. Nc3 Bb4 4. Qc2 O-O 5. a3 Bxc3+ 6. Qxc3 b6 7. g3 Bb7 8.
Nf3 d6 9. Bg2 Nbd7 10. O-O a5 11. b3 Qe7 12. Bb2 Rfe8 13. Rfd1 h6 14. Rac1 Rac8
15. b4 axb4 16. axb4 Ra8 17. Ra1 Qf8 18. Ne1 Bxg2 19. Nxg2 c6 20. f3 d5 21. Ne3
Rxa1 22. Rxa1 Ra8 23. Rxa8 Qxa8 24. Kf2 b5 25. c5 Nf8 26. Qc2 Ng6 1/2-1/2

[Event "3MCR_3DW_1L_3S"]
[Site "?"]
[Date "2009.??.??"]
[Round "?"]
[White "Tomisek, Petr"]
[Black "Bares, Jiri"]
[Result "1/2-1/2"]
[WhiteElo "2166"]
[BlackElo "2234"]
[Annotator "048"]
[PlyCount "57"]
[EventDate "2009.??.??"]
[EventType "corr"]
[SourceDate "2002.06.29"]

1. e4 c5 2. d4 cxd4 3. c3 dxc3 4. Nxc3 Nc6 5. Nf3 e6 6. Bc4 d6 7. O-O Be7 8.
Qe2 Nf6 9. Rd1 e5 10. b4 Bg4 11. Be3 O-O 12. b5 Na5 13. Bd5 Qd7 14. Rac1 Rfc8
15. h3 Bh5 16. a4 Bxf3 17. Qxf3 Nc4 18. Bxc4 Rxc4 19. Qe2 Rac8 20. Qd3 Qe6 21.
a5 Bd8 22. a6 b6 23. Nd5 Rxc1 24. Nxf6+ Bxf6 25. Rxc1 Rxc1+ 26. Bxc1 Bd8 27.
Bb2 g6 28. Qc3 Qd7 29. Qd3 1/2-1/2

[Event "3MCR_3DW_1L_3S"]
[Site "?"]
[Date "2009.??.??"]
[Round "?"]
[White "Bares, Jiri"]
[Black "Splichal, Josef"]
[Result "1/2-1/2"]
[WhiteElo "2234"]
[BlackElo "2204"]
[Annotator "049"]
[PlyCount "94"]
[EventDate "2009.??.??"]
[EventType "corr"]
[SourceDate "2002.06.29"]

1. d4 Nf6 2. c4 e6 3. Nc3 Bb4 4. Qc2 O-O 5. a3 Bxc3+ 6. Qxc3 b6 7. g3 Ba6 8.
Nf3 d5 9. cxd5 exd5 10. Bf4 c5 11. dxc5 Ne4 12. Qc2 bxc5 13. Nd2 Nxd2 14. Bxd2
Qb6 15. Rc1 Nd7 16. Bh3 Ne5 17. Bf4 Rae8 18. O-O Ng6 19. Rfe1 Nxf4 20. gxf4 c4
21. e3 d4 22. exd4 Qxd4 23. Qa4 Rxe1+ 24. Rxe1 Bb7 25. Qb5 Ba8 26. Qe5 Qb6 27.
Bg2 Bxg2 28. Kxg2 h6 29. f5 Rd8 30. Re2 Kh7 31. Qe7 Qc6+ 32. Qe4 Qb5 33. f6+ g6
34. h4 Rd6 35. Qf3 Rd3 36. Qe4 c3 37. a4 Qd7 38. f3 cxb2 39. Rxb2 Rd2+ 40. Rxd2
Qxd2+ 41. Kg3 Qd6+ 42. Qf4 Qd5 43. Qc7 a6 44. Qe7 h5 45. f4 Qb3+ 46. Kg2 Qd5+
47. Kg3 a5 1/2-1/2